Nazwij wszystkie województwa Polski - Statystyki

Ogólne statystyki
  • Ten quiz został rozwiązany 941 razy
  • Średni wynik to 13 z 16
Statystyki odpowiedzi
Odpowiedź % Poprawnych
pomorskie
93%
mazowieckie
92%
śląskie
90%
lubelskie
89%
małopolskie
89%
wielkopolskie
88%
lubuskie
87%
zachodniopomorskie
86%
dolnośląskie
85%
podlaskie
82%
opolskie
79%
kujawsko-pomorskie
78%
warmińsko-mazurskie
76%
łódzkie
75%
podkarpackie
75%
świętokrzyskie
75%
Nie znaleziono quizów pasujących do podanych kryteriów
Rozkład punktacji
Procent ludzi z każdym wynikiem
Percentyl według liczby udzielonych odpowiedzi
Twoja historia wyników
Nie rozwiązałeś tego quizu